000 00303nam a22001337a 4500
008 170309b xxu||||| |||| 00| 0 eng d
020 _a9780072907759
041 _aeng
080 _a611
100 _a6
101 _aSHM
245 _aESSENTIALS HUMAN ANATOMY AND PHYSIOLOGY
_cSHIER.D
942 _2udc
_cBK
999 _c7326
_d7326